| Tag |
First Indicator |
Second Indicator |
Subfields |
| LEADER |
00000cam a2200000 a 4500 |
| 001 |
in00000013834 |
| 005 |
20151007052437.0 |
| 008 |
870702s1987 nyua b 00110 eng |
| 010 |
|
|
|a 87020286
|
| 020 |
|
|
|a 0471855510 :
|c $34.95 (est.)
|
| 035 |
|
|
|a (OCoLC)16405699
|
| 035 |
|
|
|9 AAA7805AM
|
| 040 |
|
|
|a DLC
|c DLC
|d TXA
|d UtOrBLW
|
| 049 |
|
|
|a TXAM
|c [A11463080]
|
| 050 |
0 |
0 |
|a QA76.76.D47
|b S56 1987
|
| 082 |
0 |
|
|a 005.1/2/068
|2 19
|
| 100 |
1 |
|
|a Simpson, W. Dwain.
|
| 245 |
1 |
0 |
|a New techniques in software project management /
|c W. Dwain Simpson.
|
| 264 |
|
1 |
|a New York :
|b Wiley,
|c [1987]
|
| 264 |
|
4 |
|c ©1987
|
| 300 |
|
|
|a vi, 250 pages :
|b illustrations ;
|c 24 cm.
|
| 336 |
|
|
|a text
|b txt
|2 rdacontent
|
| 337 |
|
|
|a unmediated
|b n
|2 rdamedia
|
| 338 |
|
|
|a volume
|b nc
|2 rdacarrier
|
| 504 |
|
|
|a Includes bibliographies and index.
|
| 650 |
|
0 |
|a Computer software
|x Development
|x Management.
|
| 999 |
|
|
|a MARS
|
| 999 |
f |
f |
|s 40fe1fa8-034f-3e8a-9421-4d33d9bf810f
|i bd043f27-0add-3f43-b2df-0708e2b23c80
|t 0
|
| 952 |
f |
f |
|p ric
|a Texas A&M University
|b Rellis Campus
|c Joint Library Facility
|d Remote Storage
|t 0
|e QA76.76.D47 S56 1987
|h Library of Congress classification
|i unmediated -- volume
|m A14811463080
|
| 998 |
f |
f |
|a QA76.76.D47 S56 1987
|t 0
|l Remote Storage
|